| 000 | 00884nam a2200217Ii 4500 | ||
|---|---|---|---|
| 003 | JO-AjNU | ||
| 008 | 230605s9999||||xx |||||||||||||| ||und|| | ||
| 017 | _a2009/3/1085 | ||
| 040 |
_aJO-AjNU _bara _erda _cJO-AjNU |
||
| 041 | _aara | ||
| 050 | 1 | 4 | _aCS1539.F35.2012 |
| 100 | 3 |
_aالفاعوري، وائل إبراهيم احمد فالح , _eauthor _948020 |
|
| 245 | 0 | 0 | _aماء الذهب في الكشف عن الأصل والنسب: الفواعير وأبناء عمومتهم "القطيشات"، الجعابرة، المبيضين، الجغيسر |
| 250 | _aط1 | ||
| 264 | 3 | 1 | _aالسلط: المؤلف، 2012 |
| 300 |
_a596ص _bملحق الوثائق التاريخية ص(445-567) |
||
| 336 |
_atext _btxt _2rdacontent |
||
| 337 |
_aunmediated _bn _2rdamedia |
||
| 338 |
_avolume _bnc _2rdacarrier |
||
| 650 | 4 |
_aالأنساب-العائلات- الاردن _948021 |
|
| 999 |
_aA21002 _c24570 _d24570 |
||